Level of processing and list structure as moderating variables in context-dependent recognition /

Bibliographic Details
Main Author: Vela, Eddie
Format: Thesis eBook
Language:English
Published: [Place of publication not identified] : [publisher not identified] ; 1987.
Subjects:
Online Access:Link to OAKTrust copy

MARC

Tag First Indicator Second Indicator Subfields
LEADER 00000cam a2200000 a 4500
001 in00000033388
005 20220103134304.0
007 cr unu a
008 880922s1987 xx b 00010 eng d
035 |9 AAC1253AM 
035 |a (OCoLC)18516245 
040 |a TXA  |c TXA  |d UtOrBLW 
049 |a TXAZ [Also in] [Archives]  |c 1 [A12545738], 2 [A12545788] 
099 |a 1987  |a Thesis  |a V432 
100 1 |a Vela, Eddie. 
245 1 0 |a Level of processing and list structure as moderating variables in context-dependent recognition /  |c by Eddie Vela. 
264 1 |a [Place of publication not identified] :  |b [publisher not identified] ;  |c 1987. 
300 |a x, 123 leaves ;  |c 29 cm. 
336 |a text  |b txt  |2 rdacontent 
337 |a computer  |b c  |2 rdamedia 
338 |a online resource  |b cr  |2 rdacarrier 
500 |a "Major subject: Psychology." 
500 |a Typescript (photocopy). 
500 |a Vita. 
502 |b M.S.  |c Texas A&M University  |d 1987. 
504 |a Bibliography: leaves 74-79. 
530 |a Also available online. 
650 0 |a Context effects (Psychology) 
650 0 |a Memory. 
650 0 |a Recognition (Psychology) 
650 4 |a Major psychology. 
856 4 1 |u https://hdl.handle.net/1969.1/ETD-TAMU-1987-THESIS-V432  |z Link to OAKTrust copy  |t 0 
999 |a MARS 
999 f f |s 29586566-45f8-3602-b036-6deb3dc47616  |i 44c206aa-d2f2-35a9-b4f8-f826f5f0e44e  |t 0 
952 f f |p noncirc  |a Texas A&M University  |b J.J. Pickle Campus  |c High Density Repository  |s HDR  |d Remote Storage  |t 0  |e 1987 Thesis V432  |h Other scheme  |i computer -- online resource  |m A14839623476 
952 f f |a Texas A&M University  |b College Station  |c Electronic Resources  |s www_evans  |d Available Online  |t 0  |e 1987 Thesis V432  |h Other scheme 
998 f f |a 1987 Thesis V432  |t 0  |l Available Online 
998 f f |a 1987 Thesis V432  |t 0  |l Remote Storage